LIBRARY & INFORMATION CENTRE, KCAET, TAVANUR

ONLINE PUBLIC ACCESS CATALOGUE (OPAC)

Objective chemistry / (Record no. 13473)

MARC details
000 -LEADER
fixed length control field 00414cam a2200169ua 4500
041 ## - LANGUAGE CODE
Language code of text/sound track or separate title eng
082 ## - DEWEY DECIMAL CLASSIFICATION NUMBER
Classification number 540
Item number SIV/OB
100 ## - MAIN ENTRY--AUTHOR NAME
Personal name Siva Kumar, M .
245 ## - TITLE STATEMENT
Title Objective chemistry /
260 ## - PUBLICATION, DISTRIBUTION, ETC. (IMPRINT)
Place of publication Chennai :
Name of publisher Sura College of competition ,
Year of publication 2009.
300 ## - PHYSICAL DESCRIPTION
Number of Pages ; .
942 ## - ADDED ENTRY ELEMENTS (KOHA)
Koha item type Books
Holdings
Withdrawn status Lost status Damaged status Home library Current library Date acquired Full call number Accession Number Koha item type
      KAUAET KAUAET 07/04/2012 540 SIV/OB 22134 Books
free website counter